| 000 | 00772cam a2200229 a 4500 | ||
|---|---|---|---|
| 001 | 14784256 | ||
| 005 | 20120927141900.0 | ||
| 008 | 070326r20071981nyua b 001 0 eng | ||
| 020 | _a0486462455 (pbk.) | ||
| 020 | _a9780486462455 (pbk.) | ||
| 082 | 0 | 0 |
_a621.312134 _222 _bMCC |
| 100 | 1 |
_aMcCormick, Michael E., _d1936- _930993 |
|
| 245 | 1 | 0 |
_aOcean Wave Energy Conversion / _cMichael E. McCormick. |
| 260 |
_aMineola, N.Y. : _bDover Publications, _c2007. |
||
| 300 |
_axxii, 233 p. : _bill. ; _c24 cm. |
||
| 500 | _aOriginally published: New York : John Wiley, 1981. | ||
| 504 | _aIncludes bibliographical references and index. | ||
| 650 | 0 |
_aOcean wave power. _930994 |
|
| 650 | 0 |
_aOcean energy resources. _930995 |
|
| 653 |
_bGen _cSeptember2012 |
||
| 942 |
_2ddc _cBB |
||
| 999 |
_c17034 _d17006 |
||